Statistics for Brazilian Legends

Click here to take the quiz!

General Stats

  • This quiz has been taken 46 times
  • The average score is 9 of 13

Answer Stats

Notable ClubsPlayer% Correct
PSG-Barcelona-MilanRonaldinho
97%
Santos-NY CosmosPele
94%
Santos-Barcelona-PSGNeymar
91%
Barcelona-Inter-Real Madri-MilanRonaldo
91%
Milan-Real MadridKaka
82%
BotafogoGarrincha
64%
Deportivo-Barcelona-MilanRivaldo
64%
Inter-Real MadridRoberto Carlos
64%
Roma-MilanCafu
61%
PSV-Barcelona-ValenciaRomario
61%
FlamengoZico
58%
CorinthiansSocrates
52%
BotafogoJairzinho
30%

Score Distribution

Percentile by Number Answered

Percent of People with Each Score

Your Score History

You have not taken this quiz